<?xml version="1.0" encoding="UTF-8"?>
<record
    xmlns:xsi="http://www.w3.org/2001/XMLSchema-instance"
    xsi:schemaLocation="http://www.loc.gov/MARC21/slim http://www.loc.gov/standards/marcxml/schema/MARC21slim.xsd"
    xmlns="http://www.loc.gov/MARC21/slim">

  <leader>01285nam a22002297a 4500</leader>
  <controlfield tag="003">DO-SdBNP</controlfield>
  <controlfield tag="005">20221101132932.0</controlfield>
  <controlfield tag="007">ta</controlfield>
  <controlfield tag="008">211130b2018    dr ||||| |||| 00| f spa d</controlfield>
  <datafield tag="020" ind1=" " ind2=" ">
    <subfield code="a">9789945614077</subfield>
  </datafield>
  <datafield tag="040" ind1=" " ind2=" ">
    <subfield code="a">DO-SdBNP</subfield>
    <subfield code="b">spa</subfield>
    <subfield code="c">BNPHU </subfield>
  </datafield>
  <datafield tag="082" ind1=" " ind2="4">
    <subfield code="2">22</subfield>
  </datafield>
  <datafield tag="100" ind1="1" ind2=" ">
    <subfield code="a">Ure&#xF1;a Bravo, Carlos, </subfield>
    <subfield code="d">1957-</subfield>
    <subfield code="9">80785</subfield>
  </datafield>
  <datafield tag="245" ind1="1" ind2="0">
    <subfield code="a">Un despertar entre dos vidas / </subfield>
    <subfield code="c">Carlos Ure&#xF1;a Bravo </subfield>
  </datafield>
  <datafield tag="260" ind1=" " ind2=" ">
    <subfield code="a"> Santo Domingo : </subfield>
    <subfield code="b">Santuario,</subfield>
    <subfield code="c">2018.</subfield>
  </datafield>
  <datafield tag="300" ind1=" " ind2=" ">
    <subfield code="a">111 p. ; </subfield>
    <subfield code="c">23 cm. </subfield>
  </datafield>
  <datafield tag="500" ind1=" " ind2=" ">
    <subfield code="a">Incluye datos biogr&#xE1;ficos del autor en la solapa de la cubierta.</subfield>
  </datafield>
  <datafield tag="505" ind1="0" ind2=" ">
    <subfield code="a">Dedicatoria -- Presentaci&#xF3;n -- Pr&#xF3;logo -- Irreverencia y esoterismo -- Iras del Gateo -- Confusi&#xF3;n y expreriencias Vividas -- Lic. Cruz hace solicitud --  Rompiendo Inhibiciones -- Las Medidas del Jefe de Pandilla --   Introspecci&#xF3;n y frustraci&#xF3;n --  A la prisi&#xF3;n --  Acuerdo, entrevista y pesadilla --  Empieza hablar y experto investigador visita la c&#xE1;rcel --  El amor despu&#xE9;s del amor --  La contrataci&#xF3;n y las dos misiones --  La organizaci&#xF3;n del mal --  EL poder menta -- Sinton&#xED;a entre ambos --  Contin&#xFA;a las revelaciones --  Pasi&#xF3;n y vida -- No somos dioses -- Como las pesadillas -- El despertar -- </subfield>
  </datafield>
  <datafield tag="590" ind1=" " ind2=" ">
    <subfield code="a">Inventariado, 2021 /LP

</subfield>
  </datafield>
  <datafield tag="910" ind1=" " ind2=" ">
    <subfield code="a">Lop&#xE9;rez.</subfield>
  </datafield>
  <datafield tag="942" ind1=" " ind2=" ">
    <subfield code="2">ddc</subfield>
    <subfield code="c">LBS1</subfield>
  </datafield>
  <datafield tag="952" ind1=" " ind2=" ">
    <subfield code="0">0</subfield>
    <subfield code="1">0</subfield>
    <subfield code="2">ddc</subfield>
    <subfield code="5">1</subfield>
    <subfield code="7">0</subfield>
    <subfield code="8">PD</subfield>
    <subfield code="a">BNPHU</subfield>
    <subfield code="b">BNPHU</subfield>
    <subfield code="c">HD</subfield>
    <subfield code="d">2021-11-30</subfield>
    <subfield code="e">Dep&#xF3;sito Legal </subfield>
    <subfield code="p">2021-28438</subfield>
    <subfield code="r">2021-11-30</subfield>
    <subfield code="w">2021-11-30</subfield>
    <subfield code="y">LBS1</subfield>
  </datafield>
  <datafield tag="952" ind1=" " ind2=" ">
    <subfield code="0">0</subfield>
    <subfield code="1">0</subfield>
    <subfield code="2">ddc</subfield>
    <subfield code="5">1</subfield>
    <subfield code="7">0</subfield>
    <subfield code="8">PD</subfield>
    <subfield code="a">BNPHU</subfield>
    <subfield code="b">BNPHU</subfield>
    <subfield code="c">HD</subfield>
    <subfield code="d">2021-11-30</subfield>
    <subfield code="e">Dep&#xF3;sito Legal </subfield>
    <subfield code="p">2021-28439</subfield>
    <subfield code="r">2021-11-30</subfield>
    <subfield code="t">e.2</subfield>
    <subfield code="w">2021-11-30</subfield>
    <subfield code="y">LBS1</subfield>
  </datafield>
  <datafield tag="952" ind1=" " ind2=" ">
    <subfield code="0">0</subfield>
    <subfield code="1">0</subfield>
    <subfield code="2">ddc</subfield>
    <subfield code="5">6</subfield>
    <subfield code="7">0</subfield>
    <subfield code="8">DS</subfield>
    <subfield code="a">BNPHU</subfield>
    <subfield code="b">BNPHU</subfield>
    <subfield code="c">HD</subfield>
    <subfield code="d">2021-11-30</subfield>
    <subfield code="e">Dep&#xF3;sito Legal </subfield>
    <subfield code="p">2021-28440</subfield>
    <subfield code="r">2021-11-30</subfield>
    <subfield code="t">e.3</subfield>
    <subfield code="w">2021-11-30</subfield>
    <subfield code="y">LBS1</subfield>
  </datafield>
  <datafield tag="999" ind1=" " ind2=" ">
    <subfield code="c">51076</subfield>
    <subfield code="d">51076</subfield>
  </datafield>
</record>
